Esport - Champions du monde sur des Jeux Tier 1 - Statistiques

Statistiques générales
  • Ce quiz a été pris 20 fois
  • Le résultat moyen est 29 sur 57
Statistiques - réponses
Hint Réponse % Correct
BLAST.tv Paris 2023 Team Vitality
100%
BLAST.tv Austin 2025 Team Vitality
100%
StarLadder Budapest 2025 Team Vitality
100%
Worlds 2011 Fnatic
94%
DreamHack Winter 2013 Fnatic
94%
ESL Katowice 2015 Fnatic
94%
ESL Cologne 2015 Fnatic
94%
Worlds 2013 SKT Telecom T1
94%
Worlds 2015 SKT Telecom T1
94%
Worlds 2016 SKT Telecom T1
94%
Worlds 2023 T1
94%
Worlds 2024 T1
94%
Worlds 2025 T1
94%
PGL Anvers 2022 FaZe Clan
72%
TI 2011 Natus VIncere
61%
PGL Stockholm 2021 Natus Vincere
61%
PGL Copenhague 2024 Natus Vincere
61%
TI 2021 Team Spirit
61%
TI 2023 Team Spirit
61%
Perfect World Shanghai 2024 Team Spirit
61%
ESL Cologne 2014 Ninjas in Pyjamas
56%
ELEAGUE Atlanta 2017 Astralis
50%
FACEIT Londres 2018 Astralis
50%
IEM Katowice 2019 Astralis
50%
StarLadder Berlin 2019 Astralis
50%
Worlds 2022 DRX
50%
Worlds 2021 EDward Gaming
50%
Champions 2024 EDward Gaming
50%
TI 2017 Team Liquid
50%
TI 2024 Team Liquid
50%
Champions 2022 LOUD
44%
Champions 2025 NRG
44%
Worlds 2017 Samsung Galaxy
44%
Worlds 2014 Samsung White
44%
Worlds 2019 FunPlus Phoenix
39%
Dreamhack Cluj-Napoca 2015 Team EnVyUs
39%
ELEAGUE Boston 2018 Cloud9
33%
TI 2012 Invictus Gaming
33%
Worlds 2018 Invictus Gaming
33%
TI 2018 OG
33%
TI 2019 OG
33%
TI 2015 Evil Geniuses
28%
Champions 2023 Evil Geniuses
28%
IEM Rio 2022 Outsiders (Virtus.pro)
28%
Worlds 2012 Taipei Assassins
28%
DreamHack Winter 2014 Team LDLC.com
28%
ESL Katowice 2014 Virtus.pro
28%
Champions 2021 Acend
22%
Worlds 2020 DAMWON Gaming
22%
PGL Cracovie 2017 Gambit Gaming
22%
TI 2025 Team Falcons
22%
ESL Cologne 2016 SK Gaming
17%
TI 2013 Alliance
11%
MLG Columbus 2016 Luminosity Gaming
11%
TI 2014 Newbee
6%
TI 2022 Tundra Esports
6%
TI 2016 Wings Gaming
6%
Aucun quiz correspondant
Distribution des résultats
% des personnes avec chaque résultat
Percentile par nombre de réponses
Votre historique - résultats
Vous n’avez pas pris ce quiz